000
00460nam a2200181Ia 4500
008
100917s9999 xx 000 0 und d
082
_b
39454
100
_a
भावे पु. भा.
245
_a
थंडी
260
_b
मेनका प्रकाशन
_c
1980
300
_a
108
365
_b
10
520
_a
कादंबरी
630
_a
थंडी
650
_a
कादंबरी
730
_a
थंडी
942
_c
BOOK
999
_c
644848
_d
644845